000 01285cam a2200289M 4500
001 solaranlagenplan00lade
003 CaSfIA
005 20210119083134.0
007 cr||||
008 921215s1993 gw 000 0 ger d
040 _aNLGGC
_efobidrtb
_bdut
_cNLGGC
_dCaSfIA
020 _a3922964540
020 _a9783922964544
035 _a(OCoLC)66115798
080 _a38
100 1 _aLadener, Heinz.
245 1 0 _aSolaranlagen :
_h[electronic resource]
_bPlanung, Bau & Selbstbau von Solarsystemen zur Warmwasserbereitung und Raumheizung /
_cHeinz Ladener.
250 _a2. Aufl.
260 _aStaufen bei Freiburg :
_bÖkobuch,
_c1993.
300 _a224 p. :
_bill. ;
_c21 cm.
029 0 _aNLGGC
_b10105002X
856 4 1 _uhttp://www.archive.org/details/solaranlagenplan00lade
_zFree eBook from the Internet Archive
856 4 2 _uhttp://www.openlibrary.org/books/OL24220034M
_zAdditional information and access via Open Library
942 _cEB
506 _fНеобхідна авторизація на https://archive.org/ (створення облікового запису безкоштовно)
506 _fНеобхідна авторизація на https://openlibrary.org/ (створення облікового запису безкоштовно)
999 _c550291
_d550291